[Event "Davos op 19th"]
[Site "Davos"]
[Date "2020.08.07"]
[Round "1"]
[White "Scherler, Julius"]
[Black "Hirt, Benjamin"]
[Result "1-0"]
[WhiteElo "1786"]
[BlackElo "1308"]
[PlyCount "39"]
[EventDate "2020.08.07"]
[EventType "swiss"]
[EventRounds "5"]
[EventCountry "SUI"]
[SourceTitle "CBM 197 Extra"]
[Source "ChessBase"]
[SourceDate "2020.09.30"]
[SourceVersion "1"]
[SourceVersionDate "2020.09.30"]
[SourceQuality "1"]

1. e4 c5 2. Nc3 e6 3. d4 cxd4 4. Qxd4 Nc6 5. Qe3 a6 6. Qg3 g6 7. Bf4 Bg7 8. Bc7 Qe7 9. 0-0-0 Nf6 10. e5 Nh5 11. Qe3 Qf8 12. f4 Bh6 13. Nh3 Qb4 14. Ne4 0-0 15. g4 Ng7 16. Nf6+ Kh8 17. Bd6 Qa5 18. Bxf8 Nxe5 19. g5 Nf5 20. gxh6 1-0